Statistiken für Länder des Heiliges Römisches Reich

Klicken Sie hier um das Quiz zu spielen!

Allgemein

  • Dieses Quiz wurde 492 mal gespielt
  • Das Durchschnittsergebnis liegt bei 13 aus 16

Antwortstatistiken

Länder des Heiliges Römisches Reich% Korrekt
Österreich
96%
Italien
93%
Deutschland
92%
Frankreich
92%
Belgien
89%
Niederlande
89%
Luxemburg
86%
Polen
86%
Schweiz
86%
Tschechien
85%
Liechtenstein
82%
Slowenien
78%
Spanien
66%
Kroatien
65%
Monaco
57%
Andorra
54%

Verteilung der Resultate

Perzentil nach korrekt beantworteten Fragen

Anzahl Personen mit jedem Resultat

Ihre Resultats-Entwicklung

Sie haben dieses Quiz noch nicht gespielt